| 000 | 00354nam a22001457a 4500 | ||
|---|---|---|---|
| 008 | 230601b ||||| |||| 00| 0 eng d | ||
| 020 | _a9781560515081 | ||
| 041 | _aeng | ||
| 080 |
_26TH EDITION _a721 |
||
| 082 | _a721AAS | ||
| 100 | _a20 | ||
| 101 | _aINI | ||
| 245 |
_aA POLICY ON GEOMETRIC DESIGN OF HIGHWAYS AND STREETS _cAASHTO |
||
| 942 |
_2udc _cBK |
||
| 999 |
_c59901 _d59901 |
||